| 000 | 00545nam a22001817a 4500 | ||
|---|---|---|---|
| 005 | 20231101062637.0 | ||
| 008 | 231101b |||||||| |||| 00| 0 eng d | ||
| 020 | _a9780409018868 ; 0409018864 | ||
| 041 | _aEnglish | ||
| 082 | _a346.2 KER | ||
| 100 |
_aKerr. AJ _lEnglish |
||
| 245 |
_aThe Law of Agency / _cAJ Kerr |
||
| 250 | _aFourth Edition | ||
| 260 |
_aDurban : _bLexisNexis Butterworths, _c2006 |
||
| 300 |
_bxii, 326 pages ; _c25 cm. _e2 Editions |
||
| 650 |
_alegal practice _bLaw |
||
| 942 |
_cBK _6ALISON_BN_VRIES |
||
| 999 |
_c199 _d199 |
||